| 000 | 03761nam0a22005651 4500 | ||
|---|---|---|---|
| 001 | v19\rc\1278324 | ||
| 005 | 20260503064345.0 | ||
| 035 | _a(NLR Aleph) 004429332 | ||
| 090 |
_a4244938 _c4244938 |
||
| 100 | _a20251123 rusy50 | ||
| 101 | 0 | _arus | |
| 102 | _aRU | ||
| 135 | _acrcn 024anaba | ||
| 140 | _ay у ka yyy | ||
| 200 | 1 |
_aО порядке производства работ при вооружении кораблей для плавания по морям. _fСоставлено флота капитаном I-го ранга Миницким. |
|
| 210 |
_aСанктпетербург _cв Морской типографии _d1826 |
||
| 215 |
_a[6], 108 с. _d8º |
||
| 300 | _aЦенз.: напечатано по указу государственнаго Адмиралтейскаго департамента | ||
| 300 | _aНа с.[3-5] предисл. авт. | ||
| 300 | _aИмеются примеч. авт. | ||
| 311 | _aОтт. из "Зап. Адмиралт. Департ." (1826, ч.11) | ||
| 316 |
_aЭкз. РНБ (18.220.6.5) в сост. картон. пер., оклеенном тисненой зеленой бумагой, с коричневыми кожаными корешком и уголками. На корешке вытеснено загл.: "Записки Миницкаго". На корешке бумаж. наклейка с цифрой 504. На нижней крышке пер. экслибрис рус. фонда ГПБ с шифром. На форзаце ярлык с шифром РНБ. На нахзаце рукоп. помета технич. характера. На тит.л., с. 33, 108 круглый штамп ГПБ. Обрез тонир. желтый. Размер: 20,8х13,0х1,4 см. _5NLR: 118.220.6.5 |
||
| 317 |
_aВ экз. РНБ (18.220.6.5) на форзаце ярлык кн. лавки П.В. Шибанова: "Антикварная книжная торговля П.В. Шибанова. Москва." (Богомолов 17466). _5NLR: 18.220.6.5 |
||
| 325 | _aКопия доступна в Электрон. б-ке РНБ | ||
| 488 | 0 |
_12001#$aЗаписки Адмиралтейского Департамента$vЧ.11 _tЗаписки Адмиралтейского Департамента |
|
| 620 | _dСанкт-Петербург | ||
| 700 | 1 |
_aМиницкий _bМ.И. _f1772-1829 _gМихаил Иванович _4220 |
|
| 702 | 1 |
_aШибанов _bП.В. _f1822-1893 _gПавел Васильевич _5NLR: 118.220.6.5 _4390 |
|
| 712 | 0 | 1 |
_4610 _aРоссия _bМорское министерство _bТипография _3RU\NLR\AUTH\889944172 _9383522 |
| 801 | 0 |
_aRU _bNLR _gpsbo |
|
| 801 | 0 |
_aRU _bRuMoRGB _2psbo |
|
| 801 | 1 |
_aRU _bProSoft-M _2rusmarc |
|
| 852 |
_aNLR _j18.220.6.5 |
||
| 856 | 0 | _uhttps://vivaldi.nlr.ru/bx000028177/view | |
| 856 | 1 | _uhttps://vivaldi.nlr.ru/bx000028177/cover | |
| 856 | 2 | _uhttps://vivaldi.nlr.ru/bx000028177/text | |
| 899 |
_aRuMoRGB _jG 45/80 |
||
| 899 |
_aRuMoRGB _jΔ 361/175 |
||
| 899 |
_aRuMoRGB _jΔ 361/142 |
||
| 899 |
_aRuMoRGB _jU 357/400 |
||
| 899 | _aГПИБ | ||
| 899 | _aНБ МГУ | ||
| 942 | _cBOOK | ||
| 980 | _aNB | ||
| 981 | 2 | 2 |
_a(22) Материалы по истории России _b(22) История России до 25 октября (7 ноября) 1917 года |
| 981 | 2 | 0 |
_a(20) Книжные памятники РНБ _b(20) Русский книжный фонд |